Statistiques concernant Devinez le Département Mystère #12

Cliquez ici pour prendre le quiz!

Statistiques générales

  • Ce quiz a été pris 151 fois
  • Le résultat moyen est 27 sur 32

Statistiques - réponses

Type de RéponseRéponse% Correct
Lettre de l'AlphabetE
100%
Lettre de l'AlphabetN
100%
Lettre de l'AlphabetR
100%
Lettre de l'AlphabetA
99%
Lettre de l'AlphabetI
99%
Lettre TrouvéeS
99%
Lettre TrouvéeO
98%
Lettre de l'AlphabetM
96%
Lettre de l'AlphabetL
95%
Lettre de l'AlphabetV
94%
Lettre de l'AlphabetT
92%
Lettre de l'AlphabetC
91%
Lettre TrouvéeD
91%
Lettre de l'AlphabetH
91%
Lettre Bien PlacéeO
89%
Lettre TrouvéeU
86%
Lettre de l'AlphabetG
84%
Lettre de l'AlphabetY
82%
Lettre de l'AlphabetP
81%
Lettre TrouvéeB
79%
Lettre de l'AlphabetF
77%
Lettre Bien PlacéeS
76%
Lettre de l'AlphabetQ
75%
Lettre Bien PlacéeD
73%
Lettre de l'AlphabetJ
73%
Lettre Bien PlacéeU
73%
Lettre de l'AlphabetZ
73%
Lettre de l'AlphabetX
72%
Lettre Bien PlacéeB
71%
Département MystèreDoubs
71%
Lettre de l'AlphabetK
71%
Lettre de l'AlphabetW
71%

Distribution des résultats

Percentile par nombre de réponses

% des personnes avec chaque résultat

Votre développement - résultats

Vous n’avez pas pris ce quiz